20 US State Borders Missing On A Map #1 - Statistics

General Stats
  • This quiz has been taken 349 times
  • The average score is 15 of 20
Answers on the Map
Answers color-coded by a green-red scale on the quiz's map according to % correct below.
 
Answer Stats
Border % Correct
Oregon-Washington
97%
California-Nevada
96%
California-Oregon
95%
Nevada-Oregon
91%
Nevada-Utah
90%
Montana-North Dakota
85%
Louisiana-Mississippi
83%
Arkansas-Mississippi
81%
Colorado-Utah
81%
Alabama-Georgia
80%
Alabama-Florida
74%
Arkansas-Tennessee
73%
Iowa-Wisconsin
73%
Indiana-Michigan
72%
Connecticut-New York
66%
Pennsylvania-West Virginia
65%
Maryland-Pennsylvania
58%
Connecticut-Massachusetts
56%
Massachusetts-Rhode Island
51%
Delaware-Pennsylvania
26%
No matching quizzes found
Score Distribution
Percent of People with Each Score
Percentile by Number Answered
Your Score History
You have not taken this quiz